000 00389nam a2200157Ia 4500
008 230917s9999||||xx |||||||||||||| ||und||
040 _e97486
_aMAIN
041 _aEnglish
082 _a942 G959B
100 _aGupta, Parthsarthi, ed
245 0 _aBritain ka itihas: san 1485 se 1914
250 _a2nd ed.
260 _aDelhi
_bDelhi University
_c1985
300 _a388 p.
942 _cBK
999 _c60324
_d60324